| 000 | 00426nam a2200169Ia 4500 | ||
|---|---|---|---|
| 003 | SGT | ||
| 020 | _a81-7684-835-2 | ||
| 082 |
_a530 _bJHA |
||
| 100 | _aJha,K.K | ||
| 245 | _aEngineering Physics | ||
| 260 |
_bSatya Publication _aNew Delhi _c2014 |
||
| 300 | _aV.p. | ||
| 650 | _aPHYSICS ENGINEERING | ||
| 653 | _aDIFFRACTION , POLARIZATION, LASERS, FIBER OPTICS,DIELECTRICS, | ||
| 700 | _aDixit,Vaishali | ||
| 942 |
_2ddc _cBK |
||
| 999 |
_c5708 _d5708 |
||